000 00611cam a22002411 4500
001 sa 66006244
003 DLC
005 20260227112255.0
008 890914s1965 ii b 000 0 urdr
010 _asa 66006244
035 _a(OCoLC)20339837
040 _aDLC
_cWaU
_dDLC
042 _apremarc
043 _aa-ii---
050 0 0 _aDS427
_b.H85
100 1 _aHusain, Abid,
_d1898-
245 1 0 _aHindustānī Musalmān āʼīnah-yi ayyām men̲.
260 _c[1965]
300 _a367 p.
_c23 cm.
500 _aIn Urdu.
504 _aBibliographical footnotes.
650 0 _aMuslims
_zIndia
_xHistory.
999 _c70406
_d70406